书目信息 |
| 题名: |
实用医学文献检索
|
|
| 作者: | 李桂芳 主编 | |
| 分册: | ||
| 出版信息: | 北京 高等教育出版社 2020.07 |
|
| 页数: | 135页 | |
| 开本: | 26cm | |
| 丛书名: | ||
| 单 册: | ||
| 中图分类: | R-058 | |
| 科图分类: | ||
| 主题词: | 医学文献--yi xue wen xian--信息检索 | |
| 电子资源: | ||
| ISBN: | 978-7-04-054204-2 | |
| 000 | 00876nam0 2200241 450 | |
| 001 | 0100028913 | |
| 005 | 20211025120159.0 | |
| 010 | @a978-7-04-054204-2@dCNY29.00 | |
| 100 | @a20201020d2020 em y0chiy50 ea | |
| 101 | 0 | @achi |
| 102 | @aCN@b110000 | |
| 105 | @aa a 000yy | |
| 106 | @ar | |
| 200 | 1 | @a实用医学文献检索@Ashi yong yi xue wen xian jian suo@f主编李桂芳 |
| 210 | @a北京@c高等教育出版社@d2020.07 | |
| 215 | @a135页@c图@d26cm | |
| 320 | @a有书目 | |
| 330 | @a本书在数据库介绍的基础上结合医学文献检索案例, 旨在使读者掌握从信息海洋中检索、筛选、分析、评价、管理和综合利用文献信息的方法。该书主要内容包括医学类经典文摘型数据库、中外文全文数据库、引文数据库和文献管理软件等。 | |
| 606 | 0 | @a医学文献@Ayi xue wen xian@x信息检索 |
| 690 | @aR-058@v5 | |
| 701 | 0 | @a李桂芳@Ali gui fang@4主编 |
| 801 | 0 | @aCN@c20210909 |
| 905 | @a河南城建学院图书馆@dR-058@eL161 | |
| 实用医学文献检索/主编李桂芳.-北京:高等教育出版社,2020.07 |
| 135页:图;26cm |
| ISBN 978-7-04-054204-2:CNY29.00 |
| 本书在数据库介绍的基础上结合医学文献检索案例, 旨在使读者掌握从信息海洋中检索、筛选、分析、评价、管理和综合利用文献信息的方法。该书主要内容包括医学类经典文摘型数据库、中外文全文数据库、引文数据库和文献管理软件等。 |
| ● |
| 相关链接 |
|
|
|
正题名:实用医学文献检索
索取号:R-058/L161
 
预约/预借
| 序号 | 登录号 | 条形码 | 馆藏地/架位号 | 状态 | 备注 |
| 1 | 1546250 | 215462504 | 自科库401/401自科库 101排2列1层/ [索取号:R-058/L161] | 在馆 | |
| 2 | 1546251 | 215462513 | 自科库401/401自科库 101排2列1层/ [索取号:R-058/L161] | 在馆 | |
| 3 | 1546252 | 215462522 | 自科库401/401自科库 101排2列1层/ [索取号:R-058/L161] | 在馆 |